[Event "Labour Day"]
[Site "Adelaide"]
[Date "2005.10.01"]
[Round "1.1"]
[White "Mdinaradze, Edgar"]
[Black "Staak, Eric"]
[Result "1-0"]
[Annotator "Fritz 9"]
[BlackElo "1398"]
[EventCountry "AUS"]
[EventDate "2005.10.01"]
[EventRounds "7"]
[EventType "swiss"]
[PlyCount "65"]
[WhiteElo "1845"]

{ E81: King's Indian: Sämisch: 6th move deviations  (  including 6 Be3 c6  ) }
1. d4 Nf6 2. c4 g6 3. Nc3 Bg7 4. e4 d6 5. f3 O-O 6. Bg5 c5 7. d5 Na6 8. Qd2 e5
$146 ( 8... e6 9. Nge2 Nc7 10. Ng3 Re8 11. Be2 b5 12. e5 dxe5 13. d6 Na6 14.
cxb5 Nb8 15. f4 e4 16. Ngxe4 Nbd7 17. Bf3 Rb8 18. Nxf6+ Nxf6 19. Bc6 Bd7 20.
O-O Qc8 21. Bxf6 Bxf6 22. Bxd7 Qxd7 23. Ne4 { Bykhovsky,A  (  2420  )  -Manor,I
 (  2500  )  /Tel Aviv 1995/CBM 050/1/2-1/2  (  40  )}  )( 8... Bd7 9. Bd3 ( 9.
Nge2 Rb8 10. g4 Nc7 11. Ng3 b5 12. h4 bxc4 13. Bxc4 Nb5 14. Bxb5 Bxb5 15. h5
Qa5 16. Bh6 Bc4 17. Bxg7 Kxg7 18. Rc1 Rh8 19. hxg6 hxg6 20. Nf5+ Kg8 21. Rxh8+
Kxh8 { 1-0 Klokas,K-Papagrigoriou,V/Nikea 2002/CBM 089 ext}  )9... Rb8 10. Nge2
Qa5 11. O-O Nb4 12. Nb5 Qb6 13. a4 a6 14. Nbc3 Qc7 15. Bb1 b5 16. axb5 axb5 17.
cxb5 Bxb5 18. Nxb5 Rxb5 19. f4 Rfb8 20. h3 h6 21. Bh4 Ra5 22. Ra3 Qa7 23. Raf3
{ Roelvaag,M-Hersvik,D  (  2269  )  /Trondheim 2004/CBM 100 ext/1/2-1/2}  )(
8... h5 9. Nge2 Nc7 10. Rd1 a6 11. Nc1 Bd7 12. Bd3 b5 13. b3 Rb8 14. O-O Nh7
15. Bh6 e5 16. Bxg7 Kxg7 17. f4 f6 18. f5 g5 19. Be2 h4 20. Nd3 bxc4 21. bxc4
Na8 22. Nb1 Qc7 23. Nc3 { Ahner,A  (  2250  )  -Voekler,B  (  2395  )  /Germany
1998/GER-chT/1/2-1/2}  )( 8... Bd7 $5 $11 $142 { might be a viable alternative}
)9. dxe6 Bxe6 10. Nd5 ( 10. O-O-O $5 $16)10... Bxd5 11. cxd5 { White has the
pair of bishops}  11... Qb6 12. Ne2 { White is behind in development.}  12...
Nd7 13. Nc3 Rab8 ( 13... f5 14. O-O-O fxe4 15. h4 exf3 16. gxf3 $11 )14. Be2
Rfe8 15. O-O Bd4+ ( 15... Rbc8 16. Be3 $16 )16. Kh1 Bf6 17. Rab1 Rbc8 18. Bb5
Qd8 $2 ( 18... Bxg5 $142 19. Qxg5 Nab8 $16 )19. Bxf6 Nxf6 20. Bxe8 Qxe8 21. b3
( 21. Rbe1 { seems even better}  21... Nc7 $18 )21... Nc7 22. Rfe1 Qe5 ( 22...
b5 23. a3 $18 )23. f4 Qh5 ( 23... Qd4 24. Rbd1 Qxd2 25. Rxd2 $18 )24. h3 {
White prepares the advance e5}  ( 24. e5 { makes it even easier for White} 
24... Nd7 25. b4 Ne8 $18 )24... Qh4 ( 24... b5 25. a3 a5 26. b4 cxb4 27. axb4
axb4 28. Rxb4 $18 )25. Kg1 ( 25. e5 { might be the shorter path}  25... Nd7 $18
)25... a6 ( 25... b5 26. e5 b4 27. Na4 $18 ( 27. exf6 $6 bxc3 28. Qxc3 Nxd5 $16
))26. e5 dxe5 ( 26... Nd7 { doesn't get the cat off the tree}  27. Qf2 Qxf2+
28. Kxf2 dxe5 29. fxe5 $18 )27. fxe5 Nh5 ( 27... Qd4+ { doesn't change anything
anymore}  28. Qxd4 cxd4 29. exf6 dxc3 30. d6 $18 )28. Re4 Qg3 ( 28... Qd8 {
does not improve anything}  29. Re3 $18 )29. Rbe1 ( 29. Ne2 $142 { and White
wins}  29... Rd8 30. Nxg3 Nxg3 $18 )29... Rd8 ( 29... f5 { otherwise it's
curtains at once}  30. exf6 Nxf6 $18 )30. Rg4 Qxg4 31. hxg4 Ng7 32. Qf2 b6 33.
Qf6 ( 33. Qf6 Rf8 34. Qxb6 $18 ) 1-0

[Event "Labour Day"]
[Site "Adelaide"]
[Date "2005.10.01"]
[Round "1.2"]
[White "Hughes, Peter"]
[Black "Juszczynski, Mathew"]
[Result "0-1"]
[Annotator "Fritz 9"]
[BlackElo "1768"]
[EventCountry "AUS"]
[EventDate "2005.10.01"]
[EventRounds "7"]
[EventType "swiss"]
[PlyCount "108"]
[WhiteElo "1179"]

{ A51: Budapest Gambit, Fajarowicz Variation } 1. d4 Nf6 2. c4 e5 3. Bg5 exd4 4.
Qxd4 Be7 5. Nf3 Nc6 6. Qd1 Ne4 ( 6... h6 7. Bh4 g5 8. Bg3 Bb4+ 9. Nc3 Ne4 10.
Qd3 Qe7 11. Nd4 d6 12. Nxc6 bxc6 13. e3 Bxc3+ 14. bxc3 Bf5 { 0-1
Serres,O-Leygue,D  (  2322  )  /Condom 2005/CBM 107 ext}  )7. Bxe7 Qxe7 8. e3
d6 9. h3 $146 { Controls g4}  ( 9. Be2 O-O 10. O-O Re8 11. Nbd2 Nf6 12. a3 a5
13. Qc2 Bg4 14. Bd3 Ne5 15. Nxe5 Qxe5 16. Rae1 Re7 17. b4 Bh5 18. f4 Qxe3+ 19.
Rxe3 Rxe3 20. h3 Be2 21. Bxe2 Rxe2 22. Qd3 Rae8 23. Rf3 Re1+ { Beising,F  ( 
1640  )  -Grosse,K  (  1744  )  /Passau 2000/CBM 076 ext/1-0  (  43  )}  )( 9.
Nbd2 Bf5 $15 )9... O-O 10. Bd3 Nb4 11. O-O Nxd3 12. Qxd3 Bf5 13. Qd5 { White
threatens to win material: Qd5xf5}  13... Bg6 14. Qxb7 Rab8 15. Qxa7 Rxb2 16.
Qa3 ( 16. Na3 $5 $15 { has some apparent merit} )16... Qf6 $17 17. Nd4 $2 ( 17.
Qa5 $5 $142 Rxf2 $1 { Demolition of pawn structure}  18. Nbd2 Rxf1+ 19. Rxf1
$17 )17... Rxf2 $19 18. Nc3 Rxf1+ ( 18... Qg5 $142 { with excellent chances for
Black}  19. Rxf2 Qxe3 $19 )19. Rxf1 $17 Qg5 { Black threatens to win material:
Qg5xe3}  ( 19... Qe5 20. Ncb5 c5 $17 )20. Nd5 ( 20. Rf4 $5 $142 { is
interesting}  20... Nxc3 21. Qxc3 $15 )20... Nd2 $19 21. Rc1 ( 21. Nf3 $142
Nxf3+ 22. Rxf3 $17 )21... Be4 { Black has a mate threat}  ( 21... c5 $142 22.
Nb5 Nxc4 23. Nf6+ Qxf6 24. Rxc4 Qe7 $19 )22. Nf4 $17 c5 { Black threatens to
win material: c5xd4}  ( 22... Re8 23. Qb4 Nf3+ 24. Nxf3 Bxf3 25. c5 $15 )23.
Qc3 cxd4 ( 23... Nb1 24. Nf3 Qg3 25. Qa5 $17 )24. Qxd2 $15 dxe3 25. Qxe3 Bc6 (
25... Qe5 26. Nd3 Qf5 27. g4 $15 )26. Rf1 ( 26. Nd5 Qxe3+ 27. Nxe3 Rd8 $14
)26... h6 ( 26... Qa5 27. Rf2 $11 )27. Qb6 ( 27. Nd5 Bxd5 28. Qxg5 hxg5 29.
cxd5 Ra8 $11 )27... Qc5+ 28. Qxc5 dxc5 29. Nd3 { White threatens to win
material: Nd3xc5}  29... Ra8 { Black threatens to win material: Ra8xa2}  30.
Ne5 { White threatens to win material: Ne5xc6}  30... Be8 31. Ra1 Ra3 32. Kf2 (
32. Rd1 $5 $15)32... f6 $17 33. Nf3 Bf7 34. Nd2 f5 35. g3 g5 36. Kg2 ( 36. Nb3
Bxc4 37. Nxc5 Bd5 $17 )36... Kg7 ( 36... Rd3 $5 37. Nf1 Rc3 38. a4 Bxc4 39. a5
$19 )37. Kf2 $17 Kf6 38. Kg2 $2 ( 38. Nb3 Bxc4 39. Nxc5 f4 $17 )38... Ke5 (
38... Rd3 39. Nb3 Bxc4 40. Nxc5 Bd5+ 41. Kf2 Rf3+ 42. Ke1 Rxg3 43. Rd1 Rg1+ 44.
Kd2 Rxd1+ 45. Kxd1 Bxa2 46. Ke1 $19 )39. Nf3+ ( 39. Re1+ $142 Kd6 40. Re2 $17
)39... Kf6 $4 { there were better ways to keep up the pressure}  ( 39... Ke4
40. Re1+ Re3 41. Rxe3+ Kxe3 42. Ne5 $19 )40. Nd2 h5 ( 40... Rd3 $5 $142 41. Nb3
Bxc4 42. Nxc5 Bd5+ 43. Kf2 Rf3+ 44. Ke1 Rxg3 $19 )41. Rf1 $17 Rxa2 42. Rf2 Kg6
43. Nb3 Rxf2+ 44. Kxf2 Bxc4 45. Nxc5 h4 46. g4 fxg4 47. Nd7 $4 { the pressure
is too much, White crumbles}  ( 47. hxg4 $142 Bd5 48. Nd3 $19 )47... g3+ $19
48. Kg2 ( 48. Ke3 { what else?}  48... Kf5 49. Nf8 $19 )48... Bd5+ 49. Kg1 Kf5
50. Nc5 Be4 ( 50... g4 51. hxg4+ Kg5 52. Ne6+ Bxe6 53. Kg2 Bd5+ 54. Kh3 Bc4 55.
Kg2 Kxg4 56. Kh1 h3 57. Kg1 h2+ 58. Kg2 Be2 59. Kh1 Bf3# )51. Nb3 Kf4 ( 51...
g4 52. Kf1 gxh3 53. Nd4+ Kg4 54. Ne6 h2 55. Ke2 h1=Q 56. Ng5 Qb1 57. Nf7 Qd3+
58. Ke1 Qc3+ 59. Kf1 Bd3+ 60. Kg1 Qa1+ 61. Kg2 h3# )52. Nd2 Bf5 ( 52... g4 53.
hxg4 h3 54. g5 h2+ 55. Kf1 h1=Q+ 56. Ke2 Bc2 57. Nf1 Qg2+ 58. Ke1 Qf2# )53. Kg2
Be6 ( 53... g4 54. Kg1 gxh3 55. Nf1 Be4 56. Nh2 gxh2+ 57. Kxh2 Kg4 58. Kg1 Kf3
59. Kh2 Bf5 60. Kh1 Kg3 61. Kg1 h2+ 62. Kf1 Kf3 63. Ke1 Ke3 64. Kf1 h1=Q# )54.
Nf3 Bd5 ( 54... Bd5 55. Kf1 Bxf3 56. Ke1 Ke3 57. Kf1 g4 58. Kg1 gxh3 59. Kf1 h2
60. Ke1 h1=Q# ) 0-1

[Event "Labour Day"]
[Site "Adelaide"]
[Date "2005.10.01"]
[Round "1.3"]
[White "Amini, Amir"]
[Black "Eustace, Sophie"]
[Result "1-0"]
[Annotator "Fritz 9"]
[BlackElo "1153"]
[EventCountry "AUS"]
[EventDate "2005.10.01"]
[EventRounds "7"]
[EventType "swiss"]
[PlyCount "111"]
[WhiteElo "1746"]

{ D35: Queen's Gambit Declined: Exchange Variation } 1. d4 d5 2. c4 e6 3. Nc3
Nf6 4. Bg5 Be7 5. cxd5 exd5 6. e3 h6 7. Bh4 O-O 8. Bd3 b6 9. Nge2 Bb7 10. O-O
Nbd7 11. Rc1 Rc8 $146 ( 11... c5 12. Bb1 Rc8 ( 12... a6 13. dxc5 bxc5 14. Qc2
g5 15. Bg3 Qb6 16. Rfd1 Qe6 17. b4 Rac8 18. bxc5 Bxc5 19. Qb3 Ba8 20. Nd4 Bxd4
21. Rxd4 Rc4 22. Rcd1 Rfc8 23. Rxc4 dxc4 24. Qa3 Ne8 25. h4 Nc5 26. hxg5 hxg5
27. Qa5 { Drasko,M  (  2515  )  -Dervishi,E  (  2430  )  /Panormo 1998/CBM 067
ext/1-0  (  39  )}  )13. Qd3 c4 14. Qd2 Bd6 15. Rce1 Ne4 16. Nxe4 Bxh2+ 17.
Kxh2 Qxh4+ 18. Kg1 dxe4 19. g3 Qe7 20. Nc3 Nf6 21. Qc2 Rfe8 22. Rd1 Qe6 23. Ne2
g5 24. Kg2 Qg4 25. Ng1 Qh5 26. Rfe1 { Petruzzella,L-Alonso,A/Villa Carlos Paz
2004/CBM 102 ext/1-0  (  33  )}  )( 11... Re8 12. Nb5 c6 13. Nbc3 a6 14. Bb1
Qb8 15. Bg3 Qa7 16. Nf4 Rad8 17. Qb3 g5 18. Nd3 c5 19. Ne5 b5 20. Nxd7 Rxd7 21.
Be5 Nh7 { 1/2-1/2 Samuelsen,C  (  2055  )  -Rodgaard,J  (  2351  )  /Torshavn
2000/CBM 078 ext}  )12. Qa4 a5 13. Nb5 c5 14. Na7 { White threatens to win
material: Na7xc8}  14... Ra8 15. Nc6 Bxc6 16. Qxc6 Rc8 { Black threatens to win
material: Rc8xc6}  17. Qb5 c4 $2 { Black gets more space}  ( 17... Ne4 $5 $142
{ and Black can hope to live}  18. Bxe7 Qxe7 $14 )18. Bf5 $18 Rb8 $2 ( 18...
Rc7 $18 $142)19. Nc3 Re8 ( 19... Ra8 20. Bxd7 Nxd7 21. Bxe7 Qxe7 22. Nxd5 $18
)20. Bxd7 ( 20. Bg3 { keeps an even firmer grip}  20... Nf8 21. Bxb8 Qxb8 22.
Nxd5 Nxd5 23. Qxd5 Bd6 $18 )20... Nxd7 21. Bxe7 ( 21. Bg3 { makes it even
easier for White}  21... Rc8 22. Nxd5 Bf8 $18 )21... Qxe7 22. Nxd5 Qd6 23. Rxc4
Nf6 24. Nxf6+ Qxf6 25. Rc6 Qd8 ( 25... Qg5 { doesn't get the bull off the ice} 
26. Qb3 $18 )26. Rfc1 Re7 27. Qf5 Re8 28. Rc7 Rf8 29. Rd7 Qe8 30. Rcc7 Rc8 31.
g3 Rxc7 32. Rxc7 Qa4 33. a3 Qb3 34. Qc2 Qxc2 35. Rxc2 Rb8 36. Kf1 Kf8 37. Ke2
Ke7 ( 37... Ke8 { a fruitless try to alter the course of the game}  38. e4 $18
)38. Rc7+ Ke6 ( 38... Kf8 $18 { there is nothing else anyway} )39. Kd3 ( 39. e4
{ and White can already relax}  39... a4 $18 )39... Rd8 ( 39... b5 { doesn't do
any good}  40. e4 $18 )40. Rc6+ Rd6 ( 40... Kd7 { is the last straw}  41. Rxb6
Rc8 $18 )41. Rxd6+ Kxd6 42. e4 ( 42. Kc4 $142 { and White can already relax} 
42... Kc6 43. a4 $18 )42... f6 ( 42... Kc6 $18 { a last effort to resist the
inevitable} )43. Kc4 { White plans d5}  43... Kc6 44. a4 g6 45. f4 { White
prepares e5}  45... Kd6 46. d5 Kd7 47. e5 fxe5 48. fxe5 g5 49. g4 Kc7 50. Kb5
Kb7 51. d6 Kc8 52. Kc6 Kd8 53. e6 { White intends d7}  53... Ke8 ( 53... h5 {
cannot change destiny}  54. gxh5 Ke8 55. d7+ Ke7 56. Kd5 g4 57. h6 g3 58. hxg3
Kf6 59. d8=Q+ Kf5 60. e7 Kg4 61. e8=Q Kf3 62. Qe4+ Kf2 63. Qxb6+ Kxg3 64. Qg1+
Kh3 65. Qgg2# )54. d7+ Ke7 55. Kd5 Kd8 ( 55... h5 { is not much help}  56. gxh5
b5 57. h6 Kf6 58. d8=Q+ Kf5 59. e7 Kg4 60. e8=Q Kf3 61. Qxg5 Kf2 62. Qee3+ Kf1
63. Qgg1# )56. Kd6 ( 56. Kd6 b5 57. e7# ) 1-0

[Event "Labour Day"]
[Site "Adelaide"]
[Date "2005.10.01"]
[Round "1.4"]
[White "Sanderson, Christopher"]
[Black "Jelic, Mato"]
[Result "0-1"]
[Annotator "Fritz 9"]
[BlackElo "1701"]
[EventCountry "AUS"]
[EventDate "2005.10.01"]
[EventRounds "7"]
[EventType "swiss"]
[PlyCount "60"]
[WhiteElo "1104"]

{ B23: Closed Sicilian: Lines without g3 } 1. e4 c5 2. Nc3 d6 3. f4 Nc6 4. Nf3
Nf6 5. Bc4 e6 6. d4 ( 6. Qe2 a6 7. d3 Nd4 8. Nxd4 cxd4 9. Nd1 d5 10. Bb3 dxe4
11. dxe4 Bb4+ 12. Bd2 Bxd2+ 13. Kxd2 e5 14. f5 Bd7 15. Nf2 Qa5+ 16. Kd1 h5 17.
Qd2 Qb6 18. Re1 Bc6 19. Nd3 Nxe4 20. Nxe5 O-O { Duester,C  (  2196  ) 
-Thielsch,N  (  2323  )  /Berlin 2005/CBM 106 ext/0-1}  )6... cxd4 7. Nxd4 a6
8. a4 $146 { Black is behind in developement}  ( 8. Nf3 Qc7 9. a3 Be7 10. O-O
O-O 11. Qe1 Na5 12. Ba2 Nc4 13. h3 e5 14. f5 b5 15. b3 Nb6 16. Bg5 Bb7 17. Bxf6
Bxf6 18. g4 h6 19. Rf2 Rac8 20. Ne2 Bxe4 21. Ng3 Bxf3 22. Rxf3 Qxc2 { Makris,N 
(  2210  )  -Bafas/Heraklio 2001/CBM 085 ext/0-1  (  40  )}  )( 8. Bb3 d5 9.
exd5 exd5 $11 )8... Qc7 ( 8... d5 9. Nxc6 bxc6 10. Bd3 $11 )9. Nxc6 bxc6 {
Black has a cramped position}  10. Be3 ( 10. O-O Rb8 $11 )10... d5 $15 { Black
threatens to win material: d5xc4}  11. e5 { White threatens to win material:
e5xf6}  11... Nd7 ( { Not } 11... dxc4 12. exf6 gxf6 13. Ne4 $14 )12. Bd3 c5 {
Black has a cramped position}  13. Bd2 ( 13. Bf2 Rb8 $15 )13... c4 $17 14. Bf1
Bb7 15. Rg1 $2 ( 15. Ne2 $17 $142)15... Bc5 $19 16. Rh1 O-O 17. Qe2 Qb6 ( 17...
Rae8 $142 18. g4 d4 19. Ne4 $19 )18. Rb1 $2 ( 18. a5 $142 Qc6 19. h4 $19 )18...
f6 19. exf6 Nxf6 20. b3 d4 21. bxc4 Qc6 22. Nd1 Rae8 23. Qd3 ( 23. Nf2 { what
else?}  23... e5 24. fxe5 $19 )23... e5 24. fxe5 ( 24. f5 $19 { is one last
hope} )24... Rxe5+ ( 24... Ng4 25. Nb2 Rxe5+ 26. Kd1 Nf2+ 27. Kc1 Nxd3+ 28.
Nxd3 Ba3+ 29. Rb2 Qxa4 30. Kb1 Bxb2 31. Nxb2 Qa3 32. Nd3 Rb8 33. Bb4 Bc6 34.
Be2 Ra5 35. c3 Qa1+ 36. Kc2 Ra2+ 37. Nb2 Qxb2+ 38. Kd1 Qd2# )25. Be2 Qxg2 26.
Rf1 Be4 ( 26... Nd5 $142 { might be the shorter path}  27. Rxf8+ Kxf8 28. Bh6
$19 )27. Qg3 Qxg3+ 28. hxg3 Bxc2 29. Rc1 ( 29. Bf4 { does not win a prize} 
29... Bxb1 30. Bxe5 Bb4+ 31. Kf2 Ng4+ 32. Kg2 Be4+ 33. Kh3 Nxe5 $19 )29... Bd3
( 29... d3 30. Nc3 Bd4 31. Rf2 Bxf2+ 32. Kxf2 Ne4+ 33. Ke3 Nxg3+ 34. Kd4 Rxe2
35. Nxe2 Nxe2+ 36. Ke3 Re8+ 37. Kf3 Nxc1 38. Bxc1 Bxa4 39. Kg3 $19 )30. Rf2 (
30. Ne3 { cannot change what is in store for ?}  30... Bxe2 31. Kxe2 dxe3 $19
)30... Rfe8 ( 30... Rfe8 31. Be3 dxe3 $19 ) 0-1

[Event "Labour Day"]
[Site "Adelaide"]
[Date "2005.10.01"]
[Round "1.5"]
[White "Jothibabu, Anandaram"]
[Black "Schoech, Franz"]
[Result "1-0"]
[Annotator "Fritz 9"]
[BlackElo "1024"]
[EventCountry "AUS"]
[EventDate "2005.10.01"]
[EventRounds "7"]
[EventType "swiss"]
[PlyCount "37"]
[WhiteElo "1501"]

{ A43: Schmid Benoni } 1. e4 e6 2. d4 c5 3. d5 exd5 4. exd5 d6 5. Bb5+ Bd7 (
5... Nd7 6. Nf3 Nf6 7. O-O Be7 8. Re1 O-O 9. a4 a6 10. Bd3 Re8 11. c4 Nf8 12.
h3 Ng6 13. Nc3 Bf8 14. Bg5 Rxe1+ 15. Qxe1 h6 16. Bd2 Bd7 17. Ne4 Nxe4 18. Bxe4
Qe8 19. a5 f5 20. Bc2 { Payne,N  (  2101  )  -Charleshouse,G  (  2251  ) 
/Coventry 2005/CBM 105 ext/1/2-1/2  (  61  )}  )6. Qe2+ ( 6. a4 Nf6 7. Nf3 Be7
8. O-O O-O 9. Bxd7 Qxd7 10. Nc3 Na6 11. Nd2 Rfe8 12. Nc4 Bf8 13. f3 h6 14. g4
Nc7 15. Bf4 b6 16. Qd2 Rab8 17. Kh1 a6 18. a5 b5 19. Nb6 Qd8 20. g5 hxg5 {
Moldobaev,E  (  2490  )  -Kotsur,P  (  2515  )  /Elista 1998/CBM 066 ext/1-0  (
 52  )}  )6... Ne7 7. Nc3 $146 ( 7. Bxd7+ Nxd7 8. c4 g6 9. Nf3 Bg7 10. Bg5 Nf6
11. Nc3 O-O 12. O-O h6 13. Bf4 Nf5 14. Qc2 Nh5 15. Bd2 Nh4 16. Nxh4 Qxh4 17.
Nb5 Rfd8 18. Rfe1 Nf6 19. h3 a6 20. Ba5 axb5 21. Bxd8 Rxd8 { Raeva,E-Partac,E 
(  2080  )  /Mureck 1998/CBM 065 ext/0-1  (  32  )}  )7... a6 8. Bxd7+ Qxd7 (
8... Nxd7 $5 9. Nf3 Qc7 $16 )9. Bf4 Qf5 $2 ( 9... Kd8 $18 $142)10. Bxd6 Nd7 (
10... Kd8 { is not the saving move}  11. Bg3 $18 )11. Bxe7 Bxe7 12. d6 O-O (
12... Qe6 { does not improve anything}  13. dxe7 Nf6 14. O-O-O Kxe7 15. Nd5+
Nxd5 16. Rxd5 Qxe2 17. Nxe2 $18 )13. dxe7 ( 13. Qxe7 $2 Rfe8 14. O-O-O Rxe7 15.
dxe7 Re8 $19 )13... Rfe8 14. O-O-O ( 14. Nf3 $142 { makes it even easier for
White}  14... Nf8 15. O-O-O Ne6 $18 )14... Nf6 ( 14... Qg5+ { does not save the
day}  15. f4 Qxe7 16. Qxe7 Rxe7 17. Nd5 $18 )15. Nf3 h6 ( 15... Qf4+ { doesn't
do any good}  16. Kb1 $18 )16. Rd6 ( 16. Rhe1 { seems even better}  16... Qc8
$18 )16... Kh7 ( 16... Qf4+ { there is nothing better in the position}  17. Rd2
b6 $18 )17. Rhd1 Ne4 ( 17... Ng8 { desperation}  18. Nd5 b6 $18 )18. Nxe4 Rxe7
19. Neg5+ $1 { Demolition of pawn structure}  ( 19. Neg5+ hxg5 20. Qxe7 Qxc2+
21. Kxc2 f6 22. Qe4+ g6 23. Rd7+ Kh8 24. Qxg6 Rg8 25. Qh5# ) 1-0

[Event "Labour Day"]
[Site "Adelaide"]
[Date "2005.10.01"]
[Round "2.1"]
[White "Jelic, Mato"]
[Black "Mdinaradze, Edgar"]
[Result "0-1"]
[Annotator "Fritz 9"]
[BlackElo "1845"]
[EventCountry "AUS"]
[EventDate "2005.10.01"]
[EventRounds "7"]
[EventType "swiss"]
[PlyCount "140"]
[WhiteElo "1701"]

{ E85: King's Indian: Sämisch: 6...e5 } 1. d4 d6 2. c4 Nf6 3. Nc3 g6 4. e4 Bg7
5. f3 Nc6 6. Be3 O-O 7. Nge2 e5 8. d5 Ne7 9. Qd2 Ne8 10. g4 f5 11. gxf5 gxf5
12. Bh6 ( 12. Bh3 f4 13. Bxc8 Qxc8 14. Bf2 Qh3 15. Qd3 Rf6 16. O-O-O Rg6 17.
Rhg1 Rxg1 18. Rxg1 Qxh2 19. Nd1 Ng6 20. Nec3 Qh3 21. Be1 Nf6 22. Nf2 Qd7 23.
Ng4 Rf8 24. Nf2 a6 25. c5 Rf7 26. c6 bxc6 { Elias,A-Mendoza Moreno,V/Bogota
2004/CBM 101 ext/1/2-1/2  (  41  )}  )12... Ng6 13. Bxg7 $146 ( 13. O-O-O f4
14. Bxg7 Nxg7 15. Ng1 Qh4 16. Qg2 Bd7 17. Nh3 a6 18. Ng5 Rf6 19. Nh3 Raf8 20.
Rg1 Qh6 21. Nf2 Nh4 22. Qh1 Rg6 23. Be2 Rff6 24. Rxg6 Rxg6 25. Rg1 Kf7 26. b4
Ne8 27. Kd2 Nf6 { Mawunto,F-Sofyan,S/Jakarta 1997/CBM 058 ext/1/2-1/2  (  54 
)}  )( 13. O-O-O Bxh6 14. Qxh6 Qh4 15. Qxh4 Nxh4 $11 )13... Kxg7 ( 13... Qh4+
14. Ng3 Nxg7 15. O-O-O $11 )14. O-O-O Qh4 15. exf5 Bxf5 16. Ng3 Bd7 17. Rg1 (
17. Bd3 Rxf3 18. Be4 Rf4 $11 )17... Rf4 ( 17... Rxf3 $5 18. Be2 Rf2 $11 )18.
Nce4 $14 Nf6 19. Nxf6 ( 19. Bd3 Rxf3 20. Qe2 Qf4+ 21. Kb1 Kh8 $14 )19... Rxf6
$11 20. Be2 b6 ( 20... Kh8 21. Ne4 Rf7 22. c5 dxc5 23. Nxc5 $11 )21. Ne4 {
White threatens to win material: Ne4xf6. A valuable piece}  21... Rf4 22. Qe1 (
22. Ng5 Rd4 ( 22... Qxh2 $2 { doesn't work}  23. Rh1 Qg2 24. Rdg1 $18 )23. Bd3
b5 $11 )22... Qh6 { White king safety dropped}  ( 22... Qxe1 $5 { must be
considered}  23. Rdxe1 Rh4 $15 )23. Kb1 $11 Raf8 ( { Weaker is } 23... Qxh2 24.
Rh1 Qg2 25. Ka1 $16 )24. Qg3 ( 24. Ng5 $5 $14)24... Bf5 $11 { Black pins:
Bf5xe4}  25. Ka1 ( 25. Bd3 $5 $11)25... Bxe4 $17 26. fxe4 Rxe4 { Black has a
new protected passed pawn: e5.}  ( 26... Rf2 27. Bg4 Qxh2 28. Qxh2 Rxh2 29. Bf5
$17 )27. Bd3 { White threatens to win material: Bd3xe4}  27... Ref4 { A
classical outpost}  28. a4 ( 28. Qg2 Qh5 $15 )28... R8f6 29. a5 Qh4 30. Qxh4 (
30. a6 $5 $17 $142)30... Rxh4 $19 31. axb6 axb6 32. Rg2 Kh6 ( 32... Rd4 33. Kb1
$19 )33. Bxg6 $17 hxg6 34. b3 Rhf4 35. Kb2 Rf2+ 36. Rd2 Rxd2+ 37. Rxd2 g5 38.
Kc2 ( 38. Ka3 Rf7 $17 )38... g4 ( 38... Rf3 39. Rg2 Kh5 40. Kb2 $19 )39. Rg2
$17 Kh5 40. b4 $4 { sad, but how else could White save the game?}  ( 40. Kc3
$17 $142)40... Rf3 $19 41. Re2 Kg5 42. c5 ( 42. Kb2 { hardly improves anything}
 42... Kf4 43. c5 b5 $19 )42... bxc5 43. bxc5 Kf4 44. cxd6 ( 44. Kb2 { does not
improve anything}  44... e4 45. Rc2 Ke5 $19 )44... cxd6 45. Kd2 e4 46. Kc2 (
46. Rg2 { doesn't improve anything}  46... e3+ 47. Kd3 Rh3 $19 )46... Ke5 (
46... e3 $142 { and Black can already relax}  47. Kd3 $19 )47. Rg2 Rh3 ( 47...
Rf4 { seems even better}  48. Kd1 $19 )48. Rd2 ( 48. Rxg4 { otherwise it's
curtains at once}  48... Rxh2+ 49. Kc3 $19 )48... Ra3 49. Kb2 Ra5 50. Rg2 Rxd5
51. Rxg4 Rd2+ 52. Kc3 Rxh2 53. Rg5+ Kf4 54. Rg6 ( 54. Rd5 { cannot change
destiny}  54... Rh3+ 55. Kc2 Rh6 $19 )54... Rh3+ ( 54... d5 { keeps an even
firmer grip}  55. Rd6 Ke5 56. Rd8 $19 )55. Kc4 ( 55. Kd2 { does not help much} 
55... d5 56. Rd6 Ke5 $19 )55... Rd3 56. Rf6+ ( 56. Re6 { a fruitless try to
alter the course of the game}  56... d5+ 57. Kc5 e3 $19 )56... Ke5 57. Rh6 d5+
58. Kc5 ( 58. Kb4 { doesn't improve anything}  58... Kd4 $19 )58... Rc3+ 59.
Kb4 Rc1 60. Kb3 ( 60. Rh3 $19 { praying for a miracle} )60... Kd4 ( 60... e3 $5
$142 { might be the shorter path}  61. Rh2 Kd4 62. Kb2 $19 )61. Rh4 Kd3 62. Kb2
Rc6 63. Rh3+ e3 64. Rg3 d4 ( 64... Kd2 65. Rg5 Rb6+ 66. Ka1 d4 67. Rg2+ e2 68.
Ka2 d3 69. Rg6 Rxg6 70. Kb3 e1=Q 71. Kc4 Qe4+ 72. Kc5 Kc3 73. Kb5 Qb4# )65. Kb1
Kd2 66. Rg4 ( 66. Rg5 { is not much help}  66... e2 67. Rg2 d3 68. Kb2 Rb6+ 69.
Ka2 Kc2 70. Ka3 Kc3 71. Rg6 e1=Q 72. Rc6+ Rxc6 73. Ka4 Qa1+ 74. Kb5 Qa6# )66...
d3 67. Rb4 ( 67. Ka2 { is no salvation}  67... e2 68. Re4 Kc2 69. Ka3 Kc3 70.
Ka4 Rc4+ 71. Rxc4+ Kxc4 72. Ka5 e1=Q+ 73. Ka6 Qe6+ 74. Ka7 Qd7+ 75. Ka6 d2 76.
Kb6 Qb5+ 77. Ka7 d1=Q 78. Ka8 Qa1# )67... e2 68. Rb2+ ( 68. Kb2 { doesn't get
the bull off the ice}  68... e1=Q 69. Ka2 Qe6+ 70. Ka3 Rc3+ 71. Kb2 Rc2+ 72.
Ka3 Ra2# )68... Rc2 ( 68... Kc3 69. Rxe2 dxe2 70. Ka2 Ra6+ 71. Kb1 e1=Q# )69.
Rxc2+ dxc2+ 70. Ka2 ( 70. Kb2 { doesn't change the outcome of the game}  70...
c1=Q+ 71. Kb3 Qc3+ 72. Ka2 Qc4+ 73. Kb2 e1=Q 74. Ka3 Qa1# )70... Kc3 ( 70...
Kc3 71. Ka3 e1=Q 72. Ka4 Kc4 73. Ka3 Qa1# ) 0-1